English for business studies <a> course for business studies and economics students : student's book : audio CD set

Na minha lista:
Detalhes bibliográficos
Autor principal: MacKenzie, Ian
Formato: Livro
Idioma:inglês
Publicado em: Cambridge Cambridge University Press 2010
Edição:3rd ed.
Assuntos:
Tags: Adicionar Tag
Sem tags, seja o primeiro a adicionar uma tag!

MARC

LEADER 00000nam a2200000 4500
001 0149623
005 20191211125659.7
020 |a 978-0-521-74343-3 
041 0 |a eng 
044 |a GB 
245 1 0 |a English for business studies  |b <a> course for business studies and economics students : student's book : audio CD set  |c Ian MacKenzie 
250 |a 3rd ed. 
264 1 |a Cambridge  |b Cambridge University Press  |c 2010 
300 |a 2 CD audio 
610 2 0 |a jazykoveda 
610 2 0 |a jazyky cudzie 
610 2 0 |a obchod 
610 2 0 |a podnikanie 
100 1 |a MacKenzie, Ian